[Event "AUT-chT2M 2324"]
[Site "Austria"]
[Date "2024.03.16"]
[Round "7.3"]
[White "Schernthaner, David"]
[Black "Dietmayer Kraeutler, Marco"]
[Result "1-0"]
[WhiteElo "2299"]
[BlackElo "2288"]
[PlyCount "53"]
[EventDate "2023.11.03"]
[EventType "team-tourn"]
[EventRounds "11"]
[EventCountry "AUT"]
[SourceTitle "CB16_2024"]
[SourceDate "2024.04.17"]
[SourceVersion "1"]
[SourceVersionDate "2024.04.17"]
[SourceQuality "1"]
[WhiteTeam "Fuerstenfeld/Hartberg"]
[BlackTeam "St Veit/Glan"]
[WhiteTeamCountry "AUT"]
[BlackTeamCountry "AUT"]

1. e4 e5 2. Nf3 Nc6 3. Bb5 a6 4. Ba4 Nf6 5. 0-0 Be7 6. Re1 b5 7. Bb3 d6 8. c3 0-0 9. h3 Re8 10. d4 Bf8 11. Nbd2 Bb7 12. a4 exd4 13. cxd4 Nb4 14. Ng5 Re7 15. Nxf7 Rxf7 16. Bxf7+ Kxf7 17. Qb3+ d5 18. e5 Ne8 19. axb5 axb5 20. Rxa8 Bxa8 21. Nf3 h6 22. Bd2 Na6 23. Qxb5 Qc8 24. Nh4 c6 25. Qd3 Be7 26. Qg6+ Kf8 27. e6 1-0

[Event "AUT-chT2M 2223"]
[Site "Austria"]
[Date "2023.04.15"]
[Round "11.2"]
[White "Kravanja, Georg"]
[Black "Dietmayer Kraeutler, Marco"]
[Result "1-0"]
[WhiteElo "2204"]
[BlackElo "2307"]
[PlyCount "89"]
[EventDate "2022.09.30"]
[EventType "team-tourn"]
[EventRounds "11"]
[EventCountry "AUT"]
[SourceTitle "EXT 2024"]
[Source "ChessBase"]
[SourceDate "2023.10.10"]
[SourceVersion "1"]
[SourceVersionDate "2023.10.10"]
[SourceQuality "1"]
[WhiteTeam "Graz Schachfreunde"]
[BlackTeam "St Veit/Glan"]
[WhiteTeamCountry "AUT"]
[BlackTeamCountry "AUT"]

1. Nf3 d5 2. d4 Nf6 3. g3 b5 4. Bg2 e6 5. 0-0 c5 6. b3 Bb7 7. c4 a6 8. cxd5 Bxd5 9. Nc3 Bb7 10. dxc5 Qxd1 11. Rxd1 Bxc5 12. Bb2 Nbd7 13. Ne5 Bxg2 14. Nxd7 Nxd7 15. Kxg2 Nf6 16. Rac1 Be7 17. e4 Rd8 18. Rxd8+ Kxd8 19. e5 Ne8 20. Ne4 Kd7 21. Bd4 f5 22. exf6 gxf6 23. Bc5 f5 24. Rd1+ Kc7 25. Bxe7 fxe4 26. Rd4 Rg8 27. Rxe4 Kd7 28. Ba3 Nc7 29. Bb2 Rf8 30. Rg4 Rf7 31. Rg8 Nd5 32. Ra8 Nb4 33. a3 Nd3 34. Bd4 e5 35. Be3 Rf6 36. Ra7+ Kc8 37. Rxh7 Rc6 38. Rh6 Rc3 39. Rxa6 Rxb3 40. h4 Kb7 41. Ra7+ Kb8 42. Ra5 Nb2 43. h5 Nc4 44. h6 Nxa5 45. h7 1-0

[Event "AUT-chT2M 2223"]
[Site "Austria"]
[Date "2023.03.05"]
[Round "9.2"]
[White "Dietmayer Kraeutler, Marco"]
[Black "Markun, Bostjan"]
[Result "1/2-1/2"]
[WhiteElo "2307"]
[BlackElo "2261"]
[PlyCount "36"]
[EventDate "2022.09.30"]
[EventType "team-tourn"]
[EventRounds "11"]
[EventCountry "AUT"]
[SourceTitle "CBM 213 Extra"]
[Source "ChessBase"]
[SourceDate "2023.05.31"]
[SourceVersion "1"]
[SourceVersionDate "2023.05.31"]
[SourceQuality "1"]
[WhiteTeam "St Veit/Glan"]
[BlackTeam "Raika Feffernitz II"]
[WhiteTeamCountry "AUT"]
[BlackTeamCountry "AUT"]

1. d4 Nf6 2. c4 g6 3. Nc3 Bg7 4. e4 d6 5. Nf3 0-0 6. Be2 e5 7. 0-0 exd4 8. Nxd4 Re8 9. f3 Nc6 10. Nc2 Nh5 11. g4 Be5 12. gxh5 Bxh2+ 13. Kxh2 Qh4+ 14. Kg1 Qg3+ 15. Kh1 Qh3+ 16. Kg1 Qg3+ 17. Kh1 Qh3+ 18. Kg1 Qg3+ 1/2-1/2

[Event "AUT-chT 2122"]
[Site "Austria"]
[Date "2022.03.24"]
[Round "5.5"]
[White "Dietmayer Kraeutler, Marco"]
[Black "Amann, Harald"]
[Result "1-0"]
[WhiteElo "2312"]
[BlackElo "1921"]
[PlyCount "87"]
[EventDate "2021.11.04"]
[EventType "team-tourn"]
[EventRounds "11"]
[EventCountry "AUT"]
[SourceTitle "EXT 2023"]
[Source "ChessBase"]
[SourceDate "2022.10.05"]
[SourceVersion "1"]
[SourceVersionDate "2022.10.05"]
[SourceQuality "1"]
[WhiteTeam "St Veit"]
[BlackTeam "Bregenz"]
[WhiteTeamCountry "AUT"]
[BlackTeamCountry "AUT"]

1. d4 d5 2. c4 e6 3. Nc3 Nf6 4. Nf3 Be7 5. Bg5 c6 6. e3 Nbd7 7. Qc2 0-0 8. cxd5 exd5 9. Bd3 h6 10. Bh4 Re8 11. 0-0 Ne4 12. Bxe7 Qxe7 13. Bxe4 dxe4 14. Nd2 Nf6 15. Rab1 b6 16. Qa4 Bd7 17. Qa6 Be6 18. Rfc1 Rad8 19. b4 c5 20. bxc5 bxc5 21. Nb5 cxd4 22. Nxd4 Bd5 23. h3 Qd7 24. Nf1 Rb8 25. Ng3 Rb6 26. Rxb6 axb6 27. Qxb6 Bxa2 28. Ngf5 Be6 29. Rc7 Qd8 30. Nxe6 Rxe6 31. Qb7 Qd1+ 32. Kh2 Qh5 33. Ng3 Qg6 34. Ne2 Re8 35. Nf4 Qf5 36. g4 Qe5 37. Kg2 g5 38. Ne2 Qd5 39. Qb6 Re6 40. Rc8+ Ne8 41. Qb8 Qe5 42. Qa8 Kh7 43. Nd4 Re7 44. Nc6 1-0

[Event "AUT-chT2M 2122"]
[Site "Austria"]
[Date "2021.10.03"]
[Round "3.4"]
[White "Hellmayr, Alois"]
[Black "Dietmayer Kraeutler, Marco"]
[Result "1/2-1/2"]
[WhiteElo "2214"]
[BlackElo "2310"]
[PlyCount "210"]
[EventDate "2021.10.01"]
[EventType "team-tourn"]
[EventRounds "11"]
[EventCountry "AUT"]
[SourceTitle "CBM 204 Extra"]
[Source "ChessBase"]
[SourceDate "2021.11.30"]
[SourceVersion "1"]
[SourceVersionDate "2021.11.30"]
[SourceQuality "1"]
[WhiteTeam "Sauwald"]
[BlackTeam "St Veit/Glan II"]
[WhiteTeamCountry "AUT"]
[BlackTeamCountry "AUT"]

1. Nf3 d5 2. g3 Nf6 3. Bg2 c6 4. 0-0 Bg4 5. d3 Nbd7 6. Nbd2 e5 7. h3 Bh5 8. e4 dxe4 9. dxe4 Bc5 10. Qe1 b5 11. Nb3 Be7 12. Nh4 0-0 13. a4 Re8 14. Be3 a6 15. Nf5 Bf8 16. Qc3 Nb6 17. axb5 cxb5 18. g4 Na4 19. Qe1 Bg6 20. Ra2 Qc7 21. Qe2 Nd7 22. Rc1 Ndb6 23. Na5 Nxb2 24. Bxb6 Qxb6 25. Rb1 Bb4 26. Raxb2 Bxa5 27. c4 b4 28. Ne3 Rec8 29. Nd5 Qc5 30. Bf1 Rab8 31. Kg2 Rb7 32. Qd3 Rcb8 33. Kf3 Bb6 34. Rd1 Qd4 35. Nxb6 Bxe4+ 36. Qxe4 Qxd1+ 37. Kg2 Rxb6 38. c5 Re6 39. Bc4 Qd4 40. Qxd4 exd4 41. Bxe6 fxe6 42. Kf3 a5 43. Ke4 Rd8 44. Kd3 Rd5 45. c6 Rd8 46. Ra2 Rc8 47. Rxa5 Rxc6 48. Rb5 Rc3+ 49. Kxd4 Rxh3 50. Rxb4 Rf3 51. Ke5 Rxf2 52. Kxe6 Rf6+ 53. Ke5 Kf7 54. g5 Rf1 55. Rb6 Rf2 56. Ra6 g6 57. Ra7+ Kg8 58. Ke6 Re2+ 59. Kf6 Re8 60. Rg7+ Kh8 61. Ra7 Rf8+ 62. Ke6 Kg8 63. Rb7 Ra8 64. Rb6 Ra7 65. Kf6 Rf7+ 66. Ke6 Kg7 67. Ra6 Rb7 68. Ke5 Rf7 69. Ke6 Rc7 70. Ke5 h6 71. gxh6+ Kxh6 72. Kf4 Kh5 73. Kg3 Rc3+ 74. Kg2 g5 75. Ra4 Rc2+ 76. Kg3 Rc1 77. Kg2 Rb1 78. Rc4 Re1 79. Ra4 Kg6 80. Kg3 Rg1+ 81. Kf2 Rb1 82. Kg3 Kh5 83. Rc4 Rb3+ 84. Kg2 Rd3 85. Ra4 Re3 86. Rb4 Kg6 87. Ra4 Kf5 88. Rb4 Re4 89. Rxe4 Kxe4 90. Kg3 Kf5 91. Kf3 g4+ 92. Kg3 Kg5 93. Kg2 Kh4 94. Kh2 g3+ 95. Kg2 Kg4 96. Kg1 Kf5 97. Kg2 Kf4 98. Kg1 Kg4 99. Kg2 Kh4 100. Kg1 Kh3 101. Kh1 Kg4 102. Kg2 Kh4 103. Kg1 Kh3 104. Kh1 g2+ 105. Kg1 Kg3 1/2-1/2

[Event "AUT-chT2M 2021"]
[Site "Graz"]
[Date "2021.03.13"]
[Round "2.1"]
[White "Eder, Matthias"]
[Black "Dietmayer Kraeutler, Marco"]
[Result "1/2-1/2"]
[WhiteElo "2170"]
[BlackElo "2284"]
[PlyCount "60"]
[EventDate "2021.03.12"]
[EventType "team-tourn"]
[EventRounds "5"]
[EventCountry "AUT"]
[SourceTitle "CBM 201 Extra"]
[Source "ChessBase"]
[SourceDate "2021.05.31"]
[SourceVersion "1"]
[SourceVersionDate "2021.05.31"]
[SourceQuality "1"]
[WhiteTeam "Graz Schachfreunde"]
[BlackTeam "St Veit"]
[WhiteTeamCountry "AUT"]
[BlackTeamCountry "AUT"]

1. d4 d5 2. c4 e6 3. Nc3 Nf6 4. cxd5 exd5 5. Bg5 Nbd7 6. e3 Be7 7. Bd3 Nf8 8. Nge2 Ne6 9. Bh4 c6 10. Qc2 g6 11. 0-0 Ng7 12. b4 a6 13. Bxf6 Bxf6 14. a4 0-0 15. b5 a5 16. bxc6 bxc6 17. Rab1 Ne6 18. Rfd1 Bd7 19. e4 Nxd4 20. Nxd4 Bxd4 21. exd5 cxd5 22. Nxd5 Bg7 23. Nb6 Ra7 24. Nxd7 Rxd7 25. Bb5 Rxd1+ 26. Rxd1 Qc8 27. Qd2 Qc3 28. Qxc3 Bxc3 29. Rd7 Rc8 30. g3 Bb4 1/2-1/2

[Event "AUT-ch Vor1 Internet"]
[Site "Playchess.com INT"]
[Date "2020.04.11"]
[Round "2"]
[White "Dietmayer Kraeutler, Marco"]
[Black "Kilgus, Georg"]
[Result "0-1"]
[WhiteElo "2284"]
[BlackElo "2461"]
[PlyCount "94"]
[EventDate "2020.04.11"]
[EventType "swiss (blitz)"]
[EventRounds "9"]
[EventCountry "AUT"]
[SourceTitle "CBM 195 Extra"]
[Source "ChessBase"]
[SourceDate "2020.05.31"]
[SourceVersion "1"]
[SourceVersionDate "2020.05.31"]
[SourceQuality "1"]

1. d4 Nf6 2. c4 e6 3. Nc3 Bb4 4. Qc2 0-0 5. a3 Bxc3+ 6. Qxc3 b6 7. Bg5 Bb7 8. f3 d6 9. e3 Nbd7 10. Bd3 Rc8 11. Ne2 Nd5 12. Bxh7+ Kh8 13. Bxd8 Nxc3 14. Nxc3 Kxh7 15. Bh4 e5 16. 0-0 Rfe8 17. d5 c6 18. dxc6 Bxc6 19. Rfd1 Re6 20. b3 Nc5 21. Rab1 f6 22. e4 Kg8 23. Kf2 Kf7 24. Ke3 g6 25. Bf2 f5 26. Nd5 Ree8 27. Nb4 Ke6 28. Nxc6 Rxc6 29. h4 a6 30. g4 fxe4 31. fxe4 Rf8 32. Bg3 Rc7 33. b4 Na4 34. Rf1 Rxf1 35. Rxf1 Rxc4 36. g5 Rc3+ 37. Kf2 Rxa3 38. Kg2 Ra2+ 39. Kh3 Nc3 40. Rf6+ Kd7 41. Rxg6 Nxe4 42. Bh2 a5 43. bxa5 bxa5 44. h5 a4 45. h6 Ra3+ 46. Kg4 Nf2+ 47. Kh4 Rh3# 0-1

[Event "AUT-ch Vor1 Internet"]
[Site "Playchess.com INT"]
[Date "2020.04.11"]
[Round "8"]
[White "Meier, Alexander"]
[Black "Dietmayer Kraeutler, Marco"]
[Result "0-1"]
[WhiteElo "2226"]
[BlackElo "2284"]
[PlyCount "58"]
[EventDate "2020.04.11"]
[EventType "swiss (blitz)"]
[EventRounds "9"]
[EventCountry "AUT"]
[SourceTitle "CBM 195 Extra"]
[Source "ChessBase"]
[SourceDate "2020.05.31"]
[SourceVersion "1"]
[SourceVersionDate "2020.05.31"]
[SourceQuality "1"]

1. e4 d5 2. exd5 Qxd5 3. Nc3 Qa5 4. d4 Nf6 5. Bc4 Bg4 6. f3 Bh5 7. Be3 e6 8. Nge2 Nbd7 9. 0-0 Nb6 10. Bd3 0-0-0 11. a3 Nbd5 12. Bf2 Nxc3 13. Nxc3 Bg6 14. Ne4 Qh5 15. Ng3 Qh6 16. Rc1 Nd5 17. Be4 Ne3 18. Qe2 Nxf1 19. Bxb7+ Kxb7 20. Qb5+ Kc8 21. Qa6+ Kd7 22. d5 Qxc1 23. Qc6+ Ke7 24. Bc5+ Kf6 25. Bd4+ Kg5 26. Kf2 Qd2+ 27. Kxf1 Qxd4 28. dxe6 Qd1+ 29. Kf2 Rd2+ 0-1

[Event "AUT-chT2M 1920"]
[Site "Austria"]
[Date "2019.10.13"]
[Round "3.3"]
[White "Dietmayer Kraeutler, Marco"]
[Black "Krebs, Johann"]
[Result "1/2-1/2"]
[WhiteElo "2342"]
[BlackElo "2226"]
[PlyCount "61"]
[EventDate "2019.10.11"]
[EventType "team-tourn"]
[EventRounds "11"]
[EventCountry "AUT"]
[SourceTitle "CBM 192 Extra"]
[Source "Chessbase"]
[SourceDate "2019.11.06"]
[SourceVersion "1"]
[SourceVersionDate "2019.11.06"]
[SourceQuality "1"]
[WhiteTeam "St Veit Aspernig II"]
[BlackTeam "Frauental"]
[WhiteTeamCountry "AUT"]
[BlackTeamCountry "AUT"]

1. d4 Nf6 2. c4 g6 3. Nc3 Bg7 4. e4 d6 5. Nf3 0-0 6. Be2 c5 7. 0-0 cxd4 8. Nxd4 Nc6 9. Be3 Bd7 10. Qd2 Ng4 11. Nxc6 bxc6 12. Bxg4 Bxg4 13. Bd4 Bxd4 14. Qxd4 Be6 15. b3 Qb6 16. Qd3 Rab8 17. Kh1 Qc5 18. f4 f6 19. Rac1 Qh5 20. Ne2 a5 21. c5 dxc5 22. Ng3 c4 23. Rxc4 Qb5 24. Rc3 Qxd3 25. Rxd3 Rfd8 26. Rc3 Rb6 27. Kg1 a4 28. bxa4 Bxa2 29. a5 Ra6 30. Rfc1 Rd6 31. R1c2 1/2-1/2

[Event "AUT-chT2M 1920"]
[Site "Austria"]
[Date "2019.10.11"]
[Round "1.2"]
[White "Dietmayer Kraeutler, Marco"]
[Black "Renner, Christoph"]
[Result "1-0"]
[WhiteElo "2342"]
[BlackElo "2311"]
[PlyCount "120"]
[EventDate "2019.10.11"]
[EventType "team-tourn"]
[EventRounds "11"]
[EventCountry "AUT"]
[SourceTitle "CBM 192 Extra"]
[Source "Chessbase"]
[SourceDate "2019.11.06"]
[SourceVersion "1"]
[SourceVersionDate "2019.11.06"]
[SourceQuality "1"]
[WhiteTeam "St Veit Aspernig II"]
[BlackTeam "Sauwald"]
[WhiteTeamCountry "AUT"]
[BlackTeamCountry "AUT"]

1. d4 f5 2. c4 Nf6 3. Nf3 g6 4. g3 Bg7 5. Bg2 0-0 6. 0-0 d6 7. Nc3 c6 8. b3 Na6 9. Bb2 Bd7 10. Qd3 Re8 11. Rad1 e5 12. dxe5 dxe5 13. e4 Nc5 14. Qd6 Bf8 15. Qd2 fxe4 16. Ng5 Bg4 17. Qxd8 Raxd8 18. Rxd8 Rxd8 19. Ngxe4 Nfxe4 20. Bxe4 Nxe4 21. Nxe4 Bf3 22. Nf6+ Kf7 23. Nxh7 Be7 24. Bc1 Rd3 25. Ng5+ Bxg5 26. Bxg5 c5 27. h3 Ke6 28. Kh2 a5 29. Be3 b6 30. g4 Rc3 31. Kg3 Be2 32. Rh1 Rc2 33. h4 Rxa2 34. h5 gxh5 35. gxh5 Bd3 36. h6 Bh7 37. Rd1 Rb2 38. Rd8 Rxb3 39. Rh8 Bc2 40. h7 Bxh7 41. Rxh7 Rb4 42. Kf3 a4 43. Ke2 Kd6 44. Rh6+ Kc7 45. Kd3 e4+ 46. Kxe4 Rxc4+ 47. Kd5 Rb4 48. Rh7+ Kb8 49. f4 Rb3 50. Ke4 a3 51. Rh1 Kc7 52. Ra1 Kd6 53. Bc1 Rc3 54. Bxa3 Rc4+ 55. Ke3 b5 56. Rc1 Rxc1 57. Bxc1 Kd5 58. Bb2 b4 59. Bg7 c4 60. Bf8 b3 1-0

[Event "Blansko"]
[Site "Blansko"]
[Date "2019.09.25"]
[Round "5"]
[White "Dietmayer Kraeutler, Marco"]
[Black "Vymazal, Bronislav"]
[Result "1/2-1/2"]
[WhiteElo "2345"]
[BlackElo "2347"]
[PlyCount "49"]
[EventDate "2019.09.21"]
[EventType "tourn"]
[EventRounds "9"]
[EventCountry "CZE"]
[EventCategory "8"]
[SourceTitle "EXT 2020"]
[Source "ChessBase"]
[SourceDate "2019.10.17"]
[SourceVersion "1"]
[SourceVersionDate "2019.10.17"]
[SourceQuality "1"]

1. d4 f5 2. c4 Nf6 3. Nf3 g6 4. g3 Bg7 5. Bg2 0-0 6. 0-0 d6 7. Nc3 Qe8 8. Re1 Qf7 9. Qd3 h6 10. b3 Nc6 11. Ba3 Ne4 12. Nb5 e6 13. Rac1 a6 14. Nc3 Nxc3 15. Qxc3 g5 16. e3 Kh8 17. b4 Ne7 18. Qb3 e5 19. dxe5 dxe5 20. Bb2 Ng6 21. Nd2 e4 22. Bxg7+ Qxg7 23. f3 exf3 24. Nxf3 c6 25. Qc3 1/2-1/2

[Event "Blansko"]
[Site "Blansko"]
[Date "2019.09.24"]
[Round "4"]
[White "Menezes, Christoph"]
[Black "Dietmayer Kraeutler, Marco"]
[Result "0-1"]
[WhiteElo "2423"]
[BlackElo "2345"]
[PlyCount "94"]
[EventDate "2019.09.21"]
[EventType "tourn"]
[EventRounds "9"]
[EventCountry "CZE"]
[EventCategory "8"]
[SourceTitle "EXT 2020"]
[Source "ChessBase"]
[SourceDate "2019.10.17"]
[SourceVersion "1"]
[SourceVersionDate "2019.10.17"]
[SourceQuality "1"]

1. c4 e6 2. g3 Nf6 3. Bg2 d5 4. Nf3 b6 5. 0-0 Bb7 6. b3 c5 7. Bb2 Nc6 8. cxd5 Qxd5 9. Na3 Nd4 10. Ne1 Qd7 11. e3 Bxg2 12. Kxg2 Qb7+ 13. Kg1 Nc6 14. f4 Be7 15. Qe2 Rd8 16. d3 0-0 17. g4 Nd7 18. g5 e5 19. Nc4 b5 20. Nd2 exf4 21. exf4 Rfe8 22. Qg2 Bf8 23. Kh1 Nb6 24. Ne4 Nd5 25. Nc2 Qc7 26. f5 Ncb4 27. Nxb4 Ne3 28. Na6 Qb6 29. Qh3 Nxf1 30. Rxf1 Qxa6 31. g6 fxg6 32. f6 Rxe4 33. f7+ Kh8 34. dxe4 Qc6 35. Qg2 h6 36. e5 Qe6 37. Qb7 Kh7 38. Qf3 c4 39. bxc4 bxc4 40. Ba1 Rd3 41. Qa8 Rd2 42. Qf3 Rxa2 43. Rd1 Ra3 44. Bc3 Rxc3 45. Qxc3 Qc6+ 46. Kg1 Bc5+ 47. Rd4 Qd5 0-1

[Event "Split op 9th"]
[Site "Split"]
[Date "2019.08.08"]
[Round "6"]
[White "Dietmayer Kraeutler, Marco"]
[Black "Simunic, Krunoslav"]
[Result "1-0"]
[WhiteElo "2344"]
[BlackElo "2014"]
[PlyCount "67"]
[EventDate "2019.08.03"]
[EventType "swiss"]
[EventRounds "9"]
[EventCountry "CRO"]
[SourceTitle "CBM 191 Extra"]
[Source "ChessBase"]
[SourceDate "2019.09.30"]
[SourceVersion "1"]
[SourceVersionDate "2019.09.30"]
[SourceQuality "1"]

1. d4 e6 2. c4 d5 3. Nc3 Nf6 4. cxd5 exd5 5. Bg5 Be7 6. e3 h6 7. Bh4 0-0 8. Bd3 c6 9. f3 Re8 10. Nge2 Nbd7 11. 0-0 Nf8 12. Rc1 b6 13. Kh1 N6h7 14. Bxe7 Qxe7 15. e4 dxe4 16. fxe4 Bg4 17. Qb3 Ne6 18. Qc4 Qd7 19. d5 Nc5 20. dxc6 Qxd3 21. Qxf7+ Kh8 22. Nf4 Ng5 23. Nxd3 Nxf7 24. Nxc5 Ne5 25. Na6 Rac8 26. c7 Nd3 27. Rc2 Rf8 28. Rxf8+ Rxf8 29. h3 Bc8 30. Nb8 Rf1+ 31. Kh2 Nf2 32. Nc6 h5 33. Ne7 h4 34. Rxf2 1-0

[Event "Split op 9th"]
[Site "Split"]
[Date "2019.08.05"]
[Round "3"]
[White "Zelic, Mladen"]
[Black "Dietmayer Kraeutler, Marco"]
[Result "0-1"]
[WhiteElo "2210"]
[BlackElo "2344"]
[PlyCount "78"]
[EventDate "2019.08.03"]
[EventType "swiss"]
[EventRounds "9"]
[EventCountry "CRO"]
[SourceTitle "CBM 191 Extra"]
[Source "ChessBase"]
[SourceDate "2019.09.30"]
[SourceVersion "1"]
[SourceVersionDate "2019.09.30"]
[SourceQuality "1"]

1. e4 e5 2. f4 exf4 3. Nf3 Nf6 4. e5 Nh5 5. Be2 d6 6. 0-0 Nc6 7. d4 g6 8. Nc3 dxe5 9. d5 Bc5+ 10. Kh1 Nd4 11. Nxd4 Bxd4 12. Bxh5 gxh5 13. Qxh5 Bxc3 14. bxc3 Qxd5 15. Bxf4 Rg8 16. Rf2 Bg4 17. Qxe5+ Qxe5 18. Bxe5 c6 19. Rb1 b6 20. a4 Be6 21. Bf6 Kd7 22. h3 Bd5 23. Rd1 Kc7 24. Rd4 Rae8 25. c4 Re1+ 26. Kh2 Be6 27. Rh4 Kd6 28. Rxh7 Bxc4 29. h4 Bd5 30. h5 Re4 31. h6 Rg6 32. Rh8 Reg4 33. h7 Kc5 34. c3 Bxg2 35. Be7+ Kc4 36. Rf6 Rh4+ 37. Kg1 Rh1+ 38. Kf2 Rxf6+ 39. Bxf6 Be4 0-1

[Event "Krakow op-A 29th"]
[Site "Krakow"]
[Date "2019.01.03"]
[Round "8"]
[White "Eggink, Ryszard"]
[Black "Dietmayer Kraeutler, Marco"]
[Result "0-1"]
[WhiteElo "2343"]
[BlackElo "2311"]
[PlyCount "64"]
[EventDate "2018.12.27"]
[EventType "swiss"]
[EventRounds "9"]
[EventCountry "POL"]
[SourceTitle "CBM 188 Extra"]
[Source "ChessBase"]
[SourceDate "2019.02.26"]
[SourceVersion "1"]
[SourceVersionDate "2019.02.26"]
[SourceQuality "1"]

1. d4 d5 2. Bf4 Nf6 3. e3 c5 4. Nf3 Nc6 5. c3 Qb6 6. Qb3 c4 7. Qc2 Bf5 8. Qc1 h6 9. h3 g5 10. Bh2 Bg7 11. Nbd2 Rc8 12. g4 Bh7 13. Be2 Nd7 14. h4 f6 15. hxg5 fxg5 16. 0-0 0-0 17. e4 dxe4 18. Ne1 Na5 19. Ng2 e5 20. d5 Nc5 21. Nxc4 Nxc4 22. Bxc4 Nd3 23. Bxd3 exd3 24. c4 Qd4 25. Ne3 b5 26. b3 d2 27. Qa3 Rxf2 28. Kxf2 Rf8+ 29. Qxf8+ Bxf8 30. Bg1 Bc5 31. Kg2 Be4+ 32. Kh2 Qd3 0-1

[Event "Krakow op-A 29th"]
[Site "Krakow"]
[Date "2018.12.30"]
[Round "5"]
[White "Dietmayer Kraeutler, Marco"]
[Black "Marszalek, Maciej"]
[Result "1/2-1/2"]
[WhiteElo "2311"]
[BlackElo "2280"]
[PlyCount "63"]
[EventDate "2018.12.27"]
[EventType "swiss"]
[EventRounds "9"]
[EventCountry "POL"]
[SourceTitle "CBM 188 Extra"]
[Source "ChessBase"]
[SourceDate "2019.02.26"]
[SourceVersion "1"]
[SourceVersionDate "2019.02.26"]
[SourceQuality "1"]

1. d4 Nf6 2. c4 c5 3. d5 e6 4. Nc3 exd5 5. cxd5 d6 6. e4 g6 7. Be2 Bg7 8. h4 0-0 9. h5 a6 10. a4 Re8 11. hxg6 fxg6 12. Bg5 Qa5 13. Qd2 Nbd7 14. Nf3 b5 15. Kf1 b4 16. Nd1 Bb7 17. Qf4 Rxe4 18. Qxd6 Qb6 19. Qh2 Nf8 20. a5 Qd8 21. Ne3 Qe8 22. Bd3 Nxd5 23. Nxd5 Bxd5 24. Bxe4 Qxe4 25. Qd6 Re8 26. Kg1 Bxb2 27. Rd1 Bb3 28. Rd3 Re6 29. Qd8 Re8 30. Qd6 Re6 31. Qd8 Re8 32. Qd6 1/2-1/2